[Event "49th ch-IND NatA"]
[Site "Aurangabad IND"]
[Date "2011.10.13"]
[Round "5"]
[White "Gupta, Ab"]
[Black "Sethuraman, S."]
[Result "1-0"]
[WhiteElo "2625"]
[BlackElo "2529"]
[PlyCount "65"]
[EventDate "2011.10.09"]

1. d4 d5 2. c4 c6 3. Nf3 Nf6 4. Nc3 e6 5. Bg5 h6 6. Bh4 dxc4 7. e4 g5 8. Bg3 b5
9. Be2 Bg7 10. e5 Nh5 11. a4 a6 12. Ne4 O-O 13. Nfxg5 Nxg3 14. hxg3 hxg5 15.
Qc2 f5 16. exf6 Rxf6 17. Nxf6+ Qxf6 18. Qh7+ Kf7 19. Ra3 Qxd4 20. Rf3+ Ke7 21.
Qg6 Qxb2 22. Rh7 Kd6 23. Rxg7 Nd7 24. Qxg5 Ne5 25. Re3 Qa1+ 26. Bd1 Nd3+ 27.
Rxd3+ cxd3 28. Qe7+ Kd5 29. Rg5+ e5 30. Rg6 Bf5 31. Rd6+ Kc5 32. Rxd3+ Kb6 33.
Ra3 1-0

[Event "×åìïèîíàò Ìîñêâû ñðåäè ñòóäåíòîâ"]
[Site "Moscow(RGSU)"]
[Date "2011.10.30"]
[Round "?"]
[White "Bezgodova, M."]
[Black "Chadaev, N."]
[Result "0-1"]
[WhiteElo "2226"]
[BlackElo "2564"]
[PlyCount "50"]
[EventDate "2011.01.27"]

1. e4 c5 2. Ne2 Nf6 3. e5 Ng4 4. d4 cxd4 5. Qxd4 h5 6. f4 Nc6 7. Qd2 d6 8. exd6
Rh6 9. Nd4 Nxd4 10. Qxd4 Rxd6 11. Qa4+ Bd7 12. Qb3 Rb6 13. Qf3 Re6+ 14. Be2 Bc6
15. Qg3 Qd4 16. Nc3 O-O-O 17. h3 Bb5 18. hxg4 Bxe2 19. f5 Re5 20. Qxe5 Qxe5 21.
Nxe2 hxg4 22. Bf4 Qxf5 23. O-O e5 24. Bg3 Qe6 25. Nc3 Bc5+ 0-1

[Event "Indonesia Open"]
[Site "Jakarta INA"]
[Date "2011.10.18"]
[Round "8.16"]
[White "Nasri, A."]
[Black "Grigoryan, K2."]
[Result "1-0"]
[WhiteElo "2283"]
[BlackElo "2473"]
[PlyCount "73"]
[EventDate "2011.10.13"]

1. d4 f5 2. e4 fxe4 3. Nc3 Nf6 4. Bg5 Nc6 5. d5 Ne5 6. Qe2 Nf7 7. Bxf6 exf6 8.
Nxe4 Be7 9. d6 cxd6 10. O-O-O O-O 11. f4 d5 12. Rxd5 d6 13. Nf3 f5 14. Nc3 Bf6
15. Nd4 Qb6 16. Qd2 g6 17. Bb5 a6 18. Ba4 Qa7 19. Re1 b5 20. Bb3 Kg7 21. g4
fxg4 22. Ne4 Bh4 23. Qc3 Kh6 24. Ng3 Nd8 25. Rxd6 Rxf4 26. Re5 Bf6 27. Rh5+
gxh5 28. Ndf5+ Rxf5 29. Nxf5+ Bxf5 30. Qxf6+ Bg6 31. Qf8+ Kg5 32. Rd5+ Kh4 33.
Qf6+ Kh3 34. Qc3+ Kxh2 35. Rd2+ Kg1 36. Qg3+ Kf1 37. Rd1+ 1-0